<?xml version="1.0" encoding="UTF-8"?><?xml-stylesheet type="text/xsl" href="static/style.xsl"?><OAI-PMH xmlns="http://www.openarchives.org/OAI/2.0/" xmlns:xsi="http://www.w3.org/2001/XMLSchema-instance" xsi:schemaLocation="http://www.openarchives.org/OAI/2.0/ http://www.openarchives.org/OAI/2.0/OAI-PMH.xsd"><responseDate>2026-04-18T04:41:41Z</responseDate><request verb="GetRecord" identifier="oai:www.recercat.cat:20.500.12327/5140" metadataPrefix="marc">https://recercat.cat/oai/request</request><GetRecord><record><header><identifier>oai:recercat.cat:20.500.12327/5140</identifier><datestamp>2026-03-20T07:39:49Z</datestamp><setSpec>com_2072_4428</setSpec><setSpec>com_2072_4427</setSpec><setSpec>col_2072_487898</setSpec></header><metadata><record xmlns="http://www.loc.gov/MARC21/slim" xmlns:dcterms="http://purl.org/dc/terms/" xmlns:xsi="http://www.w3.org/2001/XMLSchema-instance" xmlns:doc="http://www.lyncode.com/xoai" xsi:schemaLocation="http://www.loc.gov/MARC21/slim http://www.loc.gov/standards/marcxml/schema/MARC21slim.xsd">
   <leader>00925njm 22002777a 4500</leader>
   <datafield ind2=" " ind1=" " tag="042">
      <subfield code="a">dc</subfield>
   </datafield>
   <datafield ind2=" " ind1=" " tag="720">
      <subfield code="a">Issa, Mohamed Belaid</subfield>
      <subfield code="e">author</subfield>
   </datafield>
   <datafield ind2=" " ind1=" " tag="720">
      <subfield code="a">Escolà Agustí, Alexandre</subfield>
      <subfield code="e">author</subfield>
   </datafield>
   <datafield ind2=" " ind1=" " tag="720">
      <subfield code="a">Casadesus, Jaume</subfield>
      <subfield code="e">author</subfield>
   </datafield>
   <datafield ind2=" " ind1=" " tag="260">
      <subfield code="c">2025-11-24</subfield>
   </datafield>
   <datafield ind2=" " ind1=" " tag="520">
      <subfield code="a">The amounts of solar radiation absorbed or intercepted by canopies are key parameters for determining gas exchange rates and for estimating water requirements and yield potential in precision agriculture. Measurements with portable ceptometers around midday are the most widespread field method for assessing light interception. However, in orchards and vineyards, light interception varies during the day depending on tree spacing, training system, and tree size, so a single midday measurement may not represent the daily integrated value. This study proposes a cost-effective approach based on hemispherical imaging for rapidly and reliably assessing both the diurnal pattern and the daily fraction of Intercepted Photosynthetically Active Radiation (fIPAR). The method uses hemispherical images representing the fraction of radiation reaching the ground across tree spacing, including alleys between rows. Images were processed automatically to analyse canopy occlusion along the sun’s trajectory. Application of this method, using either still camera or video recordings, was compared with concurrent ceptometer measurements in orchard and vineyard canopies, showing high agreement (R² between 0.88–0.92) and consistency across lighting conditions. The results highlight that, particularly when employing action cameras, this method offers a practical, scalable, and labour-efficient assessment of diurnal fIPAR, providing an operational alternative to traditional ceptometer measurements. Its adaptability to different orchard canopies and robustness under various lighting conditions and configurations, including anti-hail nets, make it a suitable method for precision agriculture.</subfield>
   </datafield>
   <datafield ind1="8" ind2=" " tag="024">
      <subfield code="a">0168-1923</subfield>
   </datafield>
   <datafield ind1="8" ind2=" " tag="024">
      <subfield code="a">https://hdl.handle.net/20.500.12327/5140</subfield>
   </datafield>
   <datafield ind1="8" ind2=" " tag="024">
      <subfield code="a">https://doi.org/10.1016/j.agrformet.2025.110958</subfield>
   </datafield>
   <datafield ind2="0" ind1="0" tag="245">
      <subfield code="a">Hemispherical imaging of canopy light interception: A ceptometer alternative for precision irrigation in orchards and vineyards</subfield>
   </datafield>
</record></metadata></record></GetRecord></OAI-PMH>